000 00558nam a2200181Ia 4500
008 151202s9999||||xx |||||||||||||| ||und||
082 _bPNVM-18984
100 _aचटोपाध्याय शरदचंद्र
245 _aसुप्रभात.
260 _b---
260 _c0
300 _a0
600 _aचटोपाध्याय शरदचंद्र
630 _aसुप्रभात.
700 _aचटोपाध्याय शरदचंद्र
730 _aसुप्रभात.
942 _cBOOK
999 _c1284968
_d1284965